Official Kai's power tools studio secrets

Bibliographic Details
Main Author: Alspach, Ted
Other Authors: Frank, Steven
Format: Book
Published: Foster City, CA : Books , 1996
Subjects:

MARC

LEADER 00000cam a2200000 7i4500
001 0000001491
005 20050427.0
020 |a 0764540025 
040 |a INS 
090 0 0 |a T385.   |b A4664 1996 
100 1 |a Alspach, Ted 
245 1 0 |a Official Kai's power tools studio secrets   |c Ted Alspach 
260 |a Foster City, CA :   |b Books ,   |c 1996 
300 |a 224p. 
650 0 0 |a Computer graphics 
650 0 0 |a Kai power tools 
650 0 0 |a Macintosh (computer)   |x programming 
700 1 |a Frank, Steven 
999 |a 0000007046   |b BOOK   |c Open Shelf   |e Default branch